[Event "La Fere op 10th"]
[Site "La Fere"]
[Date "2011.07.09"]
[Round "9.22"]
[White "Galtier, Antoine"]
[Black "Londers, Jan"]
[Result "0-1"]
[WhiteElo "1757"]
[BlackElo "1877"]
[PlyCount "52"]
[EventDate "2011.07.02"]
[EventType "swiss"]
[EventRounds "9"]
[EventCountry "FRA"]
[SourceTitle "EXT 2012"]
[Source "ChessBase"]
[SourceDate "2011.11.24"]
[SourceVersion "1"]
[SourceVersionDate "2011.11.24"]
[SourceQuality "1"]

1. d4 Nf6 2. Nf3 c5 3. e3 e6 4. Bd3 d5 5. b3 cxd4 6. exd4 Bb4+ 7. c3 Bd6 8. 0-0 b6 9. Ne5 Ba6 10. Bxa6 Nxa6 11. Qe2 Nc7 12. Bg5 h6 13. Bh4 g5 14. Bg3 Ne4 15. Qh5 Qf6 16. Ng4 Qg6 17. Qxg6 fxg6 18. Bxd6 Nxd6 19. Ne5 Rf8 20. Re1 Nf7 21. Nd2 Nxe5 22. Rxe5 Kd7 23. Rae1 Rae8 24. c4 Rf5 25. cxd5 Rxe5 26. dxe6+ R5xe6 0-1